Escudos fútbol español - Estadísticas

Estadísticas generales
  • Esta prueba ha sido intentada 358 veces
  • La puntuación promedio es 8 de 16
Estadísticas de respuestas
Imagen Respuesta % Correcto
Hércules de Alicante CF
96%
AD Alcorcón
85%
CE Europa
75%
Real Unión Club
75%
AD Ceuta CF
71%
CD Guadalajara
58%
Atlético Sanluqueño CF
53%
CD Teruel
53%
Gimnástica Segoviana CF
48%
Arenas Club de Getxo
45%
CD Tudelano
43%
Real Avilés CF
36%
CD Calahorra
34%
CD Mensajero
27%
UB Conquense
24%
Club Rápido de Bouzas
19%
No se encontraron pruebas coincidentes
Distribución de puntuación
Porcentaje de gente con cada puntuación
Porcentaje por número respondido
Historial de tus puntuaciones
No has intentado esta prueba.